000 01025nam a2200217Ia 4500
003 Ost
005 20260507075049.0
008 260507s9999||||xx |||||||||||||| ||und||
040 _cfsecg
041 _aara
082 _a658.3
100 _aعطية، مصطفى كامل أبو العزم
_eمؤلف
245 0 _aمقدمة في السلوك التنظيمي /
_c مصطفى كامل أبو العزم عطية
260 _aالاسكندرية:
_bالمكتب الجامعي الحديث,
_c[دون تاريخ]
300 _a211 صفحة؛
_bإيضاحات ؛
_c24 سم
504 _aببليوغرافيا: ص.203
520 _aالشخصية-التعلم والادارة-القيادة والسلوك الابتكاري وتطوير الاجراءات-الجماعة-الدافعية-الروح المعنوية-الحوافز-التغيير طرقه ومراحله وأسبابه-الاتصال
653 _aالسلوك الإداري
653 _aعلم النفس الإجتماعي
942 _cكتاب
999 _c42619
_d42619